Normal view
MARC view
- Vijag, V
Entry Personal Name
001 - CONTROL NUMBER
- control field: 6560
003 - CONTROL NUMBER IDENTIFIER
- control field: OSt
005 - DATE AND TIME OF LATEST TRANSACTION
- control field: 20180220124632.0
008 - FIXED-LENGTH DATA ELEMENTS
- fixed length control field: 180220|| aca||aabn | a|a d
040 ## - CATALOGING SOURCE
- Original cataloging agency: OSt
- Transcribing agency: OSt
100 ## - HEADING--PERSONAL NAME
- Personal name: Vijag, V
670 ## - SOURCE DATA FOUND
- Source citation: Work cat.: (OSt): Vijag, V, Together with Accountancy - XII, 2013